Decision theory principles and approaches

Uložené v:
Podrobná bibliografia
Hlavný autor: Parmigiani, Giovanni
Ďalší autori: Inoue, Lurdes Y. T.
Médium: Kniha
Jazyk:English
Vydavateľské údaje: Chichester John Wiley & Sons 2009
Edícia:Wiley series in probability and statistics
Predmet:
Tagy: Pridať tag
Žiadne tagy, Buďte prvý, kto otaguje tento záznam!

MARC

LEADER 00000nam a2200000 4500
001 0125165
005 20240312115543.3
020 |a 978-0-471-49657-1 
041 0 |a eng 
044 |a GB 
245 1 0 |a Decision theory  |b principles and approaches  |c Giovanni Parmigiani, Lurdes Y. T. Inoue with contribution by Hedibert F. Lopes 
264 1 |a Chichester  |b John Wiley & Sons  |c 2009 
300 |a 372 s. 
490 1 |a Wiley series in probability and statistics 
830 0 |a Wiley series in probability and statistics 
610 2 0 |a teória rozhodovania 
610 2 0 |a štatistika 
610 2 0 |a modely 
610 2 0 |a pravdepodobnosť 
610 2 0 |a programovanie dynamické 
610 2 0 |a testovanie hypotéz 
100 1 |a Parmigiani, Giovanni 
700 1 |a Inoue, Lurdes Y. T.